000 00430nam a22001697a 4500
005 20240110112106.0
008 210218b ||||| |||| 00| 0 eng d
020 _a978-81-239-2230-0
041 _aeng
082 _a574.92
100 _aGUPTA, R. C. AND BHARGAVA, S.
_96349
245 _aPRACTICAL BIOCHEMISTRY
260 _aNEW DELHI
_bC.B.S PUBLISHERS
_c2013
300 _a245, P
650 _aPHARMACY
_xD.PHARMA
942 _cBK
999 _c7444
_d7442